Policarpo Quaresma das crianças (Record no. 59020)

MARC details
000 -LÍDER
campo de controle de tamanho fixo 00365 a2200157 4500
001 - NÚMERO DE CONTROLE
campo de controle 59020
020 ## - ISBN - INTERNATIONAL STANDARD BOOK NUMBER
ISBN - International Standard Book Number 9788535626551
040 ## - FONTE DA CATALOGAÇÃO
Instituição que transcreveu o registro Anchieta - Pituba
100 ## - ENTRADA PRINCIPAL--NOME PESSOAL
Nome pessoal Galdino, Luiz
240 10 - TÍTULO UNIFORME
Título uniforme Policarpo Quaresma das crianças
Idioma da obra por
245 10 - TÍTULO
Título Policarpo Quaresma das crianças
300 ## - DESCRIÇÃO FÍSICA
Extensão 263
362 0# - DATAS DE PUBLICAÇÃO E/OU DESIGNAÇÃO SEQUENCIAL
Datas de publicação e/ou designação sequencial 2010
650 #4 - ASSUNTO--TERMO TÓPICO
Cabeçalho tópico ou nome geográfico Literatura juvenil
942 ## - ELEMENTOS DE ENTRADA ADICIONADOS (KOHA)
Tipo de material Koha Livros
Holdings
Situação do descarte Situação das perdas Situação física Não pode ser emprestado Biblioteca de origem Biblioteca atual Data de aquisição Total de empréstimos Número de chamada completo Código de barras Data de último acesso Data do preço efetivo Tipo de material Koha
        Colégio Anchieta - Pituba Colégio Anchieta - Pituba 21/11/2023   LJ 028.5 G149p GAL POL 9944/PIT 21/11/2023 21/11/2023 Livros
        Leonardo Da Vinci - Alphaville 2 Leonardo Da Vinci - Alphaville 2 27/03/2024   028.5 G149p 2A265 27/03/2024 27/03/2024 Livros